[Event "Hong Kong-ch"]
[Site "Hong Kong"]
[Date "2012.04.12"]
[Round "6"]
[White "Luk, Luen Wah"]
[Black "Lee TH, Bryan"]
[Result "1/2-1/2"]
[WhiteElo "2215"]
[BlackElo "1961"]
[PlyCount "50"]
[EventDate "2012.03.05"]
[EventType "tourn"]
[EventRounds "11"]
[EventCountry "HKG"]
[SourceTitle "EXT 2013"]
[Source "ChessBase"]
[SourceDate "2012.11.22"]
[SourceVersion "1"]
[SourceVersionDate "2012.11.22"]
[SourceQuality "1"]

1. d4 Nf6 2. c4 g6 3. Nc3 Bg7 4. e4 d6 5. f4 0-0 6. Nf3 c5 7. d5 e6 8. Be2 exd5 9. cxd5 Bg4 10. 0-0 Nbd7 11. a4 Re8 12. h3 Bxf3 13. Bxf3 c4 14. Be3 Qa5 15. Re1 Nc5 16. Qc2 Nd3 17. Re2 a6 18. Bd2 Nd7 19. Nd1 Qc5+ 20. Kh2 Bd4 21. Rb1 b5 22. b4 Qa7 23. a5 Rac8 24. Nc3 Nf6 25. g4 h6 1/2-1/2

[Event "Singapore Masters 3rd"]
[Site "Singapore"]
[Date "2006.12.27"]
[Round "3"]
[White "Lee TH, Bryan"]
[Black "Liu, Yang Hazel"]
[Result "0-1"]
[WhiteElo "1908"]
[BlackElo "2050"]
[PlyCount "94"]
[EventDate "2006.12.26"]
[EventType "swiss"]
[EventRounds "9"]
[EventCountry "SIN"]
[SourceTitle "CBM 116 Extra"]
[Source "ChessBase"]
[SourceDate "2007.03.07"]
[SourceVersion "1"]
[SourceVersionDate "2007.03.07"]
[SourceQuality "1"]

1. e4 c5 2. Nf3 Nc6 3. d4 cxd4 4. Nxd4 Nf6 5. Nc3 e5 6. Ndb5 d6 7. Nd5 Nxd5 8. exd5 Nb8 9. c4 Be7 10. Bd3 0-0 11. 0-0 f5 12. Kh1 a6 13. Nc3 Nd7 14. f4 g6 15. b3 Bf6 16. Bb2 exf4 17. Qc2 Ne5 18. Ne2 Nxd3 19. Bxf6 Qxf6 20. Qxd3 g5 21. Nd4 Bd7 22. Rac1 Rae8 23. Rfe1 Re5 24. Nf3 Rxe1+ 25. Rxe1 Re8 26. Rxe8+ Bxe8 27. Nd4 Bd7 28. h3 g4 29. Ne2 Qa1+ 30. Kh2 Qe5 31. Kh1 Kf7 32. hxg4 Qe4 33. Qf3 Qxf3 34. gxf3 fxg4 35. fxg4 f3 36. Nd4 Bxg4 37. Kg1 Kf6 38. Kf2 Ke5 39. Nxf3+ Bxf3 40. Kxf3 b5 41. Kg4 bxc4 42. bxc4 Kd4 43. Kf5 Kxc4 44. Ke6 Kc5 45. Kf6 Kxd5 46. Kg7 Kc4 47. Kxh7 d5 0-1